00360nam a2200133Ia 4500008004100000041001200041082001600053100002300069245006700092260004000159300000800199650000800207700001100215221030s9999 xx 000 0 und d aEnglish a105.23bBha aS. K. Bhattacharya 0aElectronics and Instrumentationcby S. K. Bhattacharya, R. Vig bS.K Kataria & SonsaNew Delhic2000 a597 aECE aR. Vig